|
|
|
|
| LEADER |
00000nam a2200000 a 4500 |
| 001 |
vtls001347444 |
| 003 |
SK-MaSNL |
| 005 |
20260301070248.0 |
| 008 |
251113s1989 xr 0 cze |
| 035 |
|
|
|a SNK000300705
|
| 040 |
|
|
|a SNK
|b slo
|c SNK
|e AACR2
|
| 041 |
0 |
|
|a cze
|
| 044 |
|
|
|a CZ
|
| 100 |
1 |
|
|a Kutík, Josef,
|d 1923-1987
|4 aut
|9 120776
|
| 245 |
1 |
0 |
|a Bílá vydra na hranici lesů
|c Josef Kutík ; il. Karel Toman
|
| 260 |
|
|
|a Praha
|b Albatros
|c 1989
|
| 300 |
|
|
|a 111, [1] s.
|c 4°
|
| 490 |
1 |
|
|a Karavana
|v sv. 230
|
| 830 |
|
0 |
|a Karavana
|9 290262
|
| 958 |
|
|
|a RK
|
| 958 |
|
|
|a OND
|
| 999 |
|
|
|c 633721
|d 635651
|
| 952 |
|
|
|t P60, <04>, [BOOK], {604}
|a SNK
|b SNK
|y VYP
|7 0
|o snkIB 63685
|i snkKIP 2673/90
|0 0
|1 0
|4 0
|d 1998-11-04
|l 0
|r 2005-01-02 00:00:00
|w 2026-02-23
|
| 952 |
|
|
|t P60, <04>, [BOOK], {604}
|a SNK
|b SNK
|y VYP
|7 0
|p 17A0225246
|o snkIB 63685 D1
|i snkKIP 2674/90
|0 0
|1 1
|4 0
|d 1998-11-04
|l 0
|r 2005-01-02 00:00:00
|w 2026-02-23
|